=LDR 00000nam 2200000 4500 =001 INLIS000000000053401 =005 20200806081107 =035 ##$$a 0010-1018000016 =008 200806################g##########0#ind## =041 ##$$a Ind =082 ##$$a 2x7.2 =090 ##$$a 2x7.2, Mas q =100 #$$a Masyhur, Syaikh Mushthafa =245 1#$$a Qadhaya asasiyyah dalam dakwah : $b problem-problem mendasar di jalan dakwah /$c Syaikh Mushthafa Masyhur =260 ##$$a Jakarta :$b Al-I'tishom,$c 2002 =300 ##$$a 132 hlm ; $c 12x18 cm. =650 #4$$a Dakwah Islam =020 ##$$a 979-3071-00-1 =084 ##$$a 2x7.2 MAS q =250 ##$$a Cet. 1 =990 ##$$a 21033362